书目信息 |
| 题名: |
中国足球黑幕
|
|
| 作者: | 惊涛拍岸 著 | |
| 分册: | ||
| 出版信息: | 北京 科学出版社 2010.04 |
|
| 页数: | 248页 | |
| 开本: | 24cm | |
| 丛书名: | ||
| 单 册: | ||
| 中图分类: | I253.4 , G843.92 | |
| 科图分类: | ||
| 主题词: | 报告文学--中国--现代 , 足球运动--中国--史料 , 足球运动 , 报告文学 | |
| 电子资源: | ||
| ISBN: | 978-7-03-026979-9 | |
| 000 | 00929nam0 2200289 450 | |
| 001 | 1255241759 | |
| 005 | 20120109152106.73 | |
| 010 | @a978-7-03-026979-9@dCNY28.00 | |
| 090 | @aI253.4@bjtp | |
| 096 | @aI253.4@bjtp | |
| 100 | @a20100507d2010 em y0chiy50 ea | |
| 101 | 0 | @achi |
| 102 | @aCN@b110000 | |
| 105 | @ay z 000zy | |
| 200 | 1 | @a中国足球黑幕@b专著@e第一波@f惊涛拍岸著@9zhong guo zu qiu hei mu |
| 210 | @a北京@c科学出版社@d2010.04 | |
| 215 | @a248页@d24cm | |
| 330 | @a本书揭露了中国足坛腐败的黑幕,内容包括:南勇的堕落;乌烟瘴气的国家队;纷乱的足球江湖;天堂在左,地狱在右;陆俊引发新一轮黑哨群体事件。 | |
| 606 | 0 | @a报告文学@y中国@z现代 |
| 606 | 0 | @a足球运动@y中国@j史料 |
| 606 | 0 | @a足球运动 |
| 606 | 0 | @a报告文学 |
| 690 | @aI253.4@v4 | |
| 690 | @aG843.92@v4 | |
| 701 | 0 | @a惊涛拍岸@4著@9jing tao pai an |
| 801 | 0 | @aCN@b大连网信软件有限公司图书馆·11@c20120109 |
| 905 | @aZUCC@dI253.4@eJ877 | |
| 中国足球黑幕:第一波/惊涛拍岸著.-北京:科学出版社,2010.04 |
| 248页;24cm |
| ISBN 978-7-03-026979-9:CNY28.00 |
| 本书揭露了中国足坛腐败的黑幕,内容包括:南勇的堕落;乌烟瘴气的国家队;纷乱的足球江湖;天堂在左,地狱在右;陆俊引发新一轮黑哨群体事件。 |
| ● |
| 相关链接 |
|
|
|
正题名:中国足球黑幕
索取号:I253.4/J877
 
预约/预借
| 序号 | 登录号 | 条形码 | 馆藏地/架位号 | 状态 | 备注 |
| 1 | 482587 | 204825877 | 文学库108/108文学库 68排4列3层/ [索取号:I253.4/J877] | 在馆 | |
| 2 | 482588 | 204825886 | 文学库108/108文学库 68排4列3层/ [索取号:I253.4/J877] | 在馆 | |
| 3 | 482589 | 204825895 | 社科二线400B/400B社科库 24排2列6层/ [索取号:I253.4/J877] | 在馆 |